000 01053nas a2200361 4500
001 BR0402877
003 BR-BrBNA
005 20231205104604.0
007 ta
008 230509b bl.|||p| |||| 00| 00por d
040 _aBR-BrBNA
_bpor
_cBiblioteca Nacional de Agricultura
041 _a(Pt)
072 _aP33; Q04
100 1 _aFaria, C.M.B.
100 1 _aCosta, N.D.
100 1 _aFaria, A.F.
245 1 _aAção de calcário e gesso sobre características químicas do solo e na produtividade e qualidade do tomate e melão
650 _aTOMATE
650 _aLYCOPERSICON ESCULENTUM
650 _aMELÃO
650 _aCUCUMIS MELO
650 _aQUÍMICA DO SOLO
650 _aCALCÁRIO
650 _aCALAGEM
650 _aACIDEZ DO SOLO
650 _aPODRIDÃO APICAL
650 _aRENDIMENTO
650 _aQUALIDADE
650 _aGESSO
773 0 _tHorticultura Brasileira (Brazil)
_xISSN 0102-0536
_g(Oct-Dec 2003), v. 21(4) p. 615-619
_wBR0402877
909 _a202311
_bLúcia
_c55
_dLúcia Elande
942 _2AGRIS
_n0
_cANA
999 _c178855
_d178855